| 000 | 00818nam a2200241 a 4500 | ||
|---|---|---|---|
| 001 | 000012662 | ||
| 003 | DO-SdBNP | ||
| 005 | 20250206131754.0 | ||
| 008 | 091116s2005 dr 000 f spa d | ||
| 020 | _a9945404040 | ||
| 040 |
_aDO-SdBNP _bspa _cBNPHU |
||
| 082 |
_aRD863.44 _bM632v |
||
| 100 | 1 |
_aMieses, Andy _929442 |
|
| 245 | 1 | 3 |
_aLa vaca que parió un chivo : _buna historia donde la sociedad dominicana corre y vuela / _cAndy Mieses. |
| 260 |
_aSanto Domingo : _bSecretaría de Estado de Cultura, _c2005. |
||
| 300 |
_a106 p. ; _c22 cm. |
||
| 590 | _aInventariado, 2019/BT | ||
| 650 | 0 |
_aNovela dominicana _9223 |
|
| 650 | 0 |
_aLiteratura dominicana. _967 |
|
| 710 | 1 |
_a República Dominicana. _b Secretaría de Estado de Cultura _96453 |
|
| 910 | _aValidado. Control de calidad MMOLINA | ||
| 942 |
_2ddc _cLBS1 |
||
| 999 |
_c12313 _d12313 |
||